|
|
|
|
| LEADER |
00970nam a2200241 a 4500 |
| 001 |
00025928 |
| 008 |
120910s2010 nyua 000 0 eng d |
| 999 |
|
|
|c 12833
|d 12833
|
| 020 |
|
|
|a 9781579128470
|
| 040 |
|
|
|a BD-DhAAL
|c BD-DhAAL
|
| 082 |
0 |
0 |
|a 720/.79
|2 22
|
| 245 |
1 |
0 |
|a Architect :
|b the work of the Pritzker Prize laureates in their own words /
|c Edited by Ruth A Peltason; Grace Ong-Yan
|
| 260 |
|
|
|a New York, N.Y. :
|b Black Dog & Leventhal,
|c 2010.
|
| 300 |
|
|
|a 376 p. :
|b col. ill. ;
|c 29 cm.
|
| 526 |
|
|
|a ARC
|
| 541 |
|
|
|a 00025928
|
| 650 |
|
0 |
|a Pritzker Architecture Prize
|9 32498
|
| 650 |
|
0 |
|a Architecture, Modern
|y 21st century.
|9 32499
|
| 700 |
1 |
|
|a Peltason, Ruth A.
|9 32500
|
| 700 |
1 |
|
|a Ong-Yan, Grace.
|9 32501
|
| 852 |
1 |
|
|a Ayesha Abed Library
|j General shelf
|
| 942 |
0 |
0 |
|0 1
|2 ddc
|c BK
|
| 952 |
|
|
|0 0
|1 0
|4 0
|6 720_790000000000000_ARC
|7 0
|9 21110
|a BRACUL
|b BRACUL
|c GEN
|d 2012-09-10
|e Riza Enterprize
|g 3800.00
|l 9
|m 74
|o 720.79 ARC
|p 3010025928
|r 2025-07-20
|s 2024-12-07
|t 1
|w 2012-09-10
|y BK
|